000 00790nas a2200265 4500
001 BR0803263
003 BR-BrBNA
005 20231205112249.0
007 ta
008 230509b bl.|||p| |||| 00| 00por d
040 _aBR-BrBNA
_bpor
_cBiblioteca Nacional de Agricultura
041 _a(Pt)
072 _aF08; F04
100 1 _aSilva, T.R.B. da
100 1 _aLemos, L.B.
245 1 _aEfeito da calagem superficial na matéria seca e diagnose foliar da aveia preta
650 _aAVEIA PRETA
650 _aPLANTIO DIRETO
650 _aMATÉRIA SECA
650 _aDIAGNOSE FOLIAR
650 _aCALAGEM
773 0 _tRevista de Agricultura (Brazil)
_xISSN 0034-7655
_g(Jun 2007), v. 82(1) p. 55-61
_wBR0803263
909 _a202311
_bLúcia
_c55
_dLúcia Elande
942 _2AGRIS
_n0
_cANA
999 _c197063
_d197063